00649nam a2200217Ia 4500003000900000008004100009040001300050040001300063041000800076100002000084245004400104250000900148260002100157260000900178300000800187490002400195490000600219942000700225999001300232952018600245IT-RoPAU120407s9999 xx 000 0 und d aIT-RoPAU cIT-RoPAU aita aPietro Alagiani aLe mie prigioni nel paradiso sovietico. aRoma aEdizioni Paoline c1965 c cm atempi e figure, 40 v1 cBK c237d237 00102ddc406920_84000000000000071aPAULUSbPAULUSd2012-04-11l0o920.840r2012-04-11 00:00:00w2012-04-11yBKzInserito da: Anna In data: n.d. fondo: Via A.Severo 56 Progr:23441